Statistics for Premier League 2017/18

Click here to take the quiz!

General Stats

  • This quiz has been taken 17 times
  • The average score is 18 of 20

Answer Stats

Club% Correct
Arsenal
100%
Liverpool
100%
West Bromwich Albion
100%
Tottenham Hotspur
100%
Manchester United
100%
Manchester City
100%
Everton
100%
Chelsea
100%
Bournemouth
94%
Newcastle United
94%
Southampton
94%
Swansea City
94%
Burnley
88%
West Ham United
88%
Huddersfield Town
81%
Leicester City
81%
Crystal Palace
81%
Stoke City
81%
Watford
75%
Brighton and Hove Albion
44%

Score Distribution

Percentile by Number Answered

Percent of People with Each Score

Your Score History

You have not taken this quiz